Historia transferowa piłkarza #1 - Statystyki

Ogólne statystyki
  • Ten quiz został rozwiązany 638 razy
  • Średni wynik to 7 z 9
Statystyki odpowiedzi
Zagadnienie Odpowiedź % Poprawnych
Francesco Totti AS Roma
100%
Cristiano Ronaldo Sporting Lizbona-Manchester Utd-Real Madryt-Juventus
100%
Neymar.Jr Santos-Barcelona-PSG
90%
Sergio Ramos Sevilla-Real Madryt
80%
Kylian Mbappe AS Monaco-PSG
70%
Sergio Aguero Club Atlético Independiente-Atletico Madryt- Manchester City
60%
Trent Alexander-Arnold Liverpool
60%
Lionel Messi Newells Old Boys-Barcelona
50%
Marco Verratti Pescara-PSG
50%
Nie znaleziono quizów pasujących do podanych kryteriów
Rozkład punktacji
Procent ludzi z każdym wynikiem
Percentyl według liczby udzielonych odpowiedzi
Twoja historia wyników
Nie rozwiązałeś tego quizu